Alcohol, tabaco y tranquilizantes.

Bibliographic Details
Main Author: Walji, Hasnain
Other Authors: Kingston, Andrea
Format: Libro
Language:English
Published: Barcelona, España Plaza & Janes 1995
Edition:1a.ed.
Subjects:
Online Access:

MARC

LEADER 00000cam a2200000 a 4500
001 013060
003 UAHC_CL
005 20170803120958.0
008 030115b xx j 000 1 eng
020 |a 8401520142 
040 |a UAHC_CL  |c UAHC_CL  |d UAHC_CL 
100 1 |a Walji, Hasnain 
245 1 0 |a Alcohol, tabaco y tranquilizantes. 
250 |a 1a.ed. 
260 |b Plaza & Janes  |c 1995  |a Barcelona, España 
300 |a 195 p. 
650 4 |a ALCOHOLISMO 
700 1 |a Kingston, Andrea 
900 |a 362.292 WAL 
942 |c BK 
952 |0 0  |1 0  |4 0  |6 362_292000000000000_WAL  |7 0  |8 General  |9 26445  |a BC  |b BC  |c General  |d 2017-08-03  |l 0  |o 362.292 WAL  |p 1300670  |r 2026-01-13 00:00:00  |t 1  |w 2017-08-03  |y BK 
999 |c 13060  |d 13060